Analýza výnosových kriviek podnikových dlhopisov s využitím modelu Nelson-Siegel

Analýza výnosových kriviek podnikových dlhopisov. Objasnenie podstaty výnosových kriviek a metódy ich konštrukcie. Výnosová krivka definuje vzťah medzi výnosom a dobou do splatnosti finančného inštrumentu a jej znalosť je nevyhnutná nielen pre dlhopisových investorov, ale aj pre podniky, ktoré zvaž...

Descripción completa

Guardado en:
Detalles Bibliográficos
Autor principal: Verner, Robert, 1986-
Otros Autores: Pachta, Miloš
Formato: Capítulo de libro
Lenguaje:eslovaco
Materias:
Etiquetas: Agregar Etiqueta
Sin Etiquetas, Sea el primero en etiquetar este registro!

MARC

LEADER 00000nla a2200000 4500
001 0225828
005 20240502073714.4
041 0 |a slo 
044 |a SK 
245 1 0 |a Analýza výnosových kriviek podnikových dlhopisov s využitím modelu Nelson-Siegel  |c Róbert Verner, Miloš Pachta 
520 |a Analýza výnosových kriviek podnikových dlhopisov. Objasnenie podstaty výnosových kriviek a metódy ich konštrukcie. Výnosová krivka definuje vzťah medzi výnosom a dobou do splatnosti finančného inštrumentu a jej znalosť je nevyhnutná nielen pre dlhopisových investorov, ale aj pre podniky, ktoré zvažujú úpis nových obligácií. Analýza výnosových kriviek podnikových dlhopisov s využitím Nelson-Siegelovho modelu, ktorý je často využívaný pri aproximácii výnosových kriviek štátnych obligácií a pokladničných poukážok. 
610 2 0 |a dlhopisy podnikové 
610 2 0 |a nástroje finančné 
610 2 0 |a investori 
610 2 0 |a investovanie 
610 2 0 |a portfólio 
610 2 0 |a modely ekonomicko-matematické 
100 1 |a Verner, Robert, 1986- 
700 1 |a Pachta, Miloš